1939 1281 1434 1546 1530 1840 1070 1436 1748 1556 1566 1241 1177 1605 1835 1408 1889 1364 1302 1239 1004 1725 1046 1491 1025 1122 1013 1693 1021 1048 1633 1628 1146 1844 1902 1280 1161 1982 1165 1002 1520 1784 1489 1724 1774 1365 1228 1928 1986 1824 1855 1794 1109 1224 1248 1467 1352 1301 1727 1352 1798 1907 1711 1401 1606 1585 1328 1476 1154 1713 1928 1170 1430 1121 1497 1658 1191 1320 1399 1599 1945 1464 1563 1712 1640 1119 1605 1847 1761 1192 1442 1551 1414 1536 1592 1817 1318 1811 1221 BCNSPRNW ULIB Ver.6.0+V

เปลี่ยนเป็นภาษาไทย

Change to English
 แสดงรายละเอียดบรรณานุกรม
  กลับหน้าหลัก

Brief Record : Get Marc (ISO 2709) : E-mail record : QR code < ปิดหน้าต่าง
LEADER : 00000nam 2200000uu 4500
001    13399114270
003     ULIB
008    120315s||||||||th 000 0 tha d
020    ^a9786161106287
060 04 ^aWY32^bส226พ
110 2  ^aสภาการพยาบาล
245 10 ^aพระราชบัญญัติวิชาชีพการพยาบาลและการผดุงครรภ์ พ.ศ.2528 และที่แก้ไขเพิ่มเติมโดยพระราชบัญญัติวิชาชีพการพยาบาลและการผดุงครรภ์ (ฉบับที่ 2) พ.ศ.2540 /^cสภาการพยาบาล
246    ^aProfessional Nursing and midwifery act B.E.2528 (1985) Revision of the act B.E.2540(1997)
250    ^aพิมพ์ครั้งที่ 1
260    ^aกรุงเทพฯ :^bจุดทอง,^c2554
300    ^a80 หน้า ;^c29 ซม.
500    ^aเนื้อหาภาษาไทยและภาษาอังกฤษ
650  7 ^aการพยาบาล^xกฎหมายและระเบียบข้อบังคับ
710    ^aThailand Nursing and Midwifery Council.
710    ^aสภาการพยาบาล
945    ^p30^l0^i031248
945    ^p30^l0^i031249
945    ^p30^l0^i031250
945    ^p30^l0^i031251
945    ^p30^l0^i031252
945    ^p30^l0^i031253
945    ^p30^l0^i031254
945    ^p30^l0^i031255
945    ^p30^l0^i031256
945    ^p30^l0^i031257
995    ^aทศพร
999 ^a ทศพร
รายการนี้ยังไม่มีแท็ก
คุณยังไม่ได้ล็อกอิน คุณสามารถมีกิจกรรมร่วมกับเว็บไซต์ได้ แต่ต้องล็อกอินก่อน ::
  ล็อกอิน

รายการสื่อสารสนเทศ

ลำดับที่ ประเภท เลขเรียก/บาร์โค้ด สถานที่ สถานะ
1. วิทยาศาสตร์การแพทย์ และสุขภาพ
หนังสือสำรอง
สถานะ=หนังสือสำรอง
WY32 ส226พ ฉ.1 
  Barcode: 031248
ห้องสมุดวิทยาเขตสวรรค์ประชารักษ์
►ส่วนจัดเก็บหนังสือเก่า สปร
บนชั้น
  ขอยืม
2. วิทยาศาสตร์การแพทย์ และสุขภาพ
วิทยาศาสตร์การแพทย์ และสุขภาพ
WY32 ส226พ ฉ.10 
  Barcode: 031257
ห้องสมุดวิทยาเขตสวรรค์ประชารักษ์
►ส่วนจัดเก็บหนังสือเก่า สปร
บนชั้น
  ขอยืม
3. วิทยาศาสตร์การแพทย์ และสุขภาพ
วิทยาศาสตร์การแพทย์ และสุขภาพ
WY32 ส226พ ฉ.2 
  Barcode: 031249
ห้องสมุดวิทยาเขตสวรรค์ประชารักษ์
►ส่วนจัดเก็บหนังสือเก่า สปร
บนชั้น
  ขอยืม
4. วิทยาศาสตร์การแพทย์ และสุขภาพ
วิทยาศาสตร์การแพทย์ และสุขภาพ
WY32 ส226พ ฉ.3 
  Barcode: 031250
ห้องสมุดวิทยาเขตสวรรค์ประชารักษ์
►ส่วนจัดเก็บหนังสือเก่า สปร
บนชั้น
  ขอยืม
5. วิทยาศาสตร์การแพทย์ และสุขภาพ
วิทยาศาสตร์การแพทย์ และสุขภาพ
WY32 ส226พ ฉ.4 
  Barcode: 031251
ห้องสมุดวิทยาเขตสวรรค์ประชารักษ์
►ส่วนจัดเก็บหนังสือเก่า สปร
บนชั้น
  ขอยืม
6. วิทยาศาสตร์การแพทย์ และสุขภาพ
วิทยาศาสตร์การแพทย์ และสุขภาพ
WY32 ส226พ ฉ.5 
  Barcode: 031252
ห้องสมุดวิทยาเขตสวรรค์ประชารักษ์
►ส่วนจัดเก็บหนังสือเก่า สปร
บนชั้น
  ขอยืม
7. วิทยาศาสตร์การแพทย์ และสุขภาพ
วิทยาศาสตร์การแพทย์ และสุขภาพ
WY32 ส226พ ฉ.6 
  Barcode: 031253
ห้องสมุดวิทยาเขตสวรรค์ประชารักษ์
►ส่วนจัดเก็บหนังสือเก่า สปร
บนชั้น
  ขอยืม
8. วิทยาศาสตร์การแพทย์ และสุขภาพ
วิทยาศาสตร์การแพทย์ และสุขภาพ
WY32 ส226พ ฉ.9 
  Barcode: 031256
ห้องสมุดวิทยาเขตสวรรค์ประชารักษ์
►ส่วนจัดเก็บหนังสือเก่า สปร
บนชั้น
  ขอยืม

รายการใกล้เคียง
    หัวเรื่อง [การพยาบาล กฎหมายและระเบียบข้อบังคับ]

BibComment


ยังไม่เคยถูกคอมเมนท์

คอมเมนท์ทรัพยากรรายการนี้
  คอมเมนท์: พระราชบัญญัติวิช..


 Copyright 2026. Bcnsprnw @Library